000 00771nam a2200217 i 4500
001 189688
003 ES-MaACL
005 20230906223530.0
007 t|
008 190904s1944 sp ||||1| spa d
100 1 _aKleinschmidt, Otto.
_9168142
245 1 0 _aOperaciones en el tórax /
_cpor el Prof. Dr. Otto Kleinschmidt ; traducción del alemán por el Dr. Ignacio Bofill.
260 _aBarcelona :
_bLabor,
_c1944.
300 _a2 v. (1042 p.) : il. col. y n. ;
_c25 cm.
490 1 _aTratado de técnica operatoria general y especial ;
_v4
650 4 _aTórax-
_xCirugía.
_9161633
700 0 _aBofill, Ignacio.
_929774
830 0 _aTratado de técnica operatoria general y especial ;
_v4
_9193382
852 _aES-MaACL
_jP-764-5-6
999 _c189688
_d189688